000 00883nam a22002171 4500
001 68815
003 ES-MaACL
005 20250719063309.0
007 t|
008 900725s1894 sp ||||0| spa d
016 7 _zIND9200389799
040 _aM-BN
_bspa
_cA2
100 1 _aGuardia, Ángel de la
_960305
245 1 3 _aEl comandante Martínez
_b: juguete cómico-lírico en un acto y dos cuadros, en prosa /
_cletra de Angel de la Guardia ; música del maestro Luis Arnedo.
260 _aMadrid :
_b[Administración Lírico-Dramática],
_c1894 (
_fR. Velasco, imp)
300 _a31 p. ;
_c20 cm.
500 _aSólo incluye la letra.
700 1 _aArnedo, Luis,
_d1856-1911
_9125713
852 _aES-MaACL
_jD-2525(2)
_q. - Encuadernado con otras obras
_z.- Dedicatoria autógrafa del autor a Manuel de La Fuente
_z.- Legado M. de La Fuente
999 _c68815
_d68815